00261 a2200109 4500001000700000020000600007040001100013100000900024240005700033245005200090362000900142177660 a  cMagnum aInes10aEspaco instituto nacional de educacao de surdoslpor10aEspaco instituto nacional de educacao de surdos0 a1899